000 00288nam a22001337a 4500
008 170204b xxu||||| |||| 00| 0 eng d
020 _a9780415505338
041 _aeng
080 _23RD
_a61
100 _a3
101 _aSHM
245 _aTEM PHYSICIAN MANUAL
_cLYLE, J
942 _2udc
_cBK
999 _c4675
_d4675